| 000 | 00487nam a2200193Ia 4500 | ||
|---|---|---|---|
| 003 | OSt | ||
| 005 | 20230403111947.0 | ||
| 008 | 210423s1965 xx 000 0 und d | ||
| 040 | _cAL | ||
| 041 | _aeng | ||
| 082 |
_a843.7 _223 _bHUGH |
||
| 100 |
_aHUGO (Victor) _982459 |
||
| 245 | _aHunchback of notre dame | ||
| 260 |
_aNew York _bNew American Library _c1965 |
||
| 300 |
_a511 _bPB |
||
| 650 |
_aFrench Literature _982460 |
||
| 906 | _adame ; Hunchback ; notre | ||
| 942 |
_2ddc _cBK |
||
| 999 |
_c169073 _d169073 |
||